|
|
|
|
| LEADER |
00927nam a2200241 a 4500 |
| 001 |
GR-MES3437 |
| 008 |
991111s gr 000 b gre d |
| 020 |
|
|
|a 0789701324
|
| 040 |
|
|
|a GrPaTEI
|b gre
|c GR-PaULI
|
| 245 |
0 |
0 |
|a Excel για Windows 95 =
|b Excel for Windows 95 Visual quick corporation : Οπτικός οδηγός.
|
| 260 |
|
|
|a Αθήνα :
|b Γκιούρδας,
|c c1985
|
| 300 |
|
|
|a 212σελ. :
|b πιν.,εικ.,σχεδ.,
|
| 650 |
|
0 |
|a EXCEL
|
| 650 |
|
4 |
|a Η/Υ
|
| 650 |
|
4 |
|a ΥΛΕΚΤΡΟΝΙΚΟΙ ΥΠΟΛΟΓΙΣΤΕΣ
|
| 650 |
1 |
0 |
|a WINDOWS
|
| 650 |
1 |
0 |
|a WINDOWS 95
|
| 700 |
1 |
|
|a Kenny, C.
|
| 700 |
1 |
|
|a Γκλαβά, Μαίρη
|
| 942 |
|
|
|2 ddc
|
| 952 |
|
|
|0 0
|1 0
|2 ddc
|4 0
|6 005_300000000000000_KEN
|7 0
|9 268016
|a MSLG
|b MSLG
|c BSC
|d 2021-01-17
|e 24
|f 0
|g 0.00
|l 0
|o 005.3 KEN
|p 2420000010847
|r 2021-01-17 00:00:00
|t 1
|w 2021-01-17
|y BK15
|x 19991111 0 1
|x GrPaTEI
|
| 971 |
|
|
|a .b25744823
|b 15-04-20
|c 13-09-16
|
| 999 |
|
|
|c 154364
|d 154364
|